Hydroponie pro každého

Bibliographic Details
Main Author: Přibyl, Jan (Author)
Format: Book
Language:Undetermined
Published: Praha Státní zemědělské nakladatelství 1977

MARC

LEADER 00000nam a2200000 a 4500
001 vtls001314972
003 SK-MaSNL
005 20260301065447.0
008 240315s1977 xx 0 und
035 |a SNK000267450 
040 |a SNK  |b slo  |c SNK  |e AACR2 
100 1 |a Přibyl, Jan  |4 aut  |9 384261 
245 1 |a Hydroponie pro každého 
260 |a Praha  |b Státní zemědělské nakladatelství  |c 1977 
300 |a 245 s. 
958 |a OND 
999 |c 630821  |d 632751 
952 |t P60, <04>, [BOOK], {604}  |a SNK  |b SNK  |y VYP  |7 0  |p 17A0115642  |o snkID 68672  |0 0  |1 0  |4 0  |d 1997-12-17  |l 0  |r 2005-01-02 00:00:00  |w 2026-02-23